00000000nam##2200000za#4500
0019.674667
003CaOODSP
00520210624224847
007cr |||||||||||
008150407|2006||||xxc|||||o    f|0| 0 eng|d
040 |aCaOODSP|beng
041 |aeng
041 |afre
043 |an-cn---
0861 |aH41-1/2006-PDF
1101 |aCanada. |bHealth Canada.
24510|aOffice Consolidation - Food and Drug Regulations, C.R.C., c. 870 |h[electronic resource]
260 |aOttawa - Ontario : |bHealth Canada |c[2008?].
300 |a1139p.
792 |tCodification administrative - Règlement sur les aliments et drogues, C.R.C., ch. 870 |efre|w(CaOODSP)9.674668
85640|ahttp://publications.gc.ca|qPDF|s3082 KB|uhttps://publications.gc.ca/collections/collection_2008/hc-sc/H41-1-2006.pdf